Hermit in the Himalayas (Record no. 13685)

MARC details
000 -LEADER
fixed length control field 00606nam a2200241 a 4500
020 ## - INTERNATIONAL STANDARD BOOK NUMBER
ISBN 9781844130429
082 00 - DEWEY DECIMAL CLASSIFICATION NUMBER
Classification number 291.4
Author Cutter BRU
100 ## - MAIN ENTRY--AUTHOR NAME
Author name Brunton, Paul
245 ## - TITLE STATEMENT
Title Hermit in the Himalayas
Sub title The Classic Work of Mystical Quest
260 ## - PUBLICATION, DISTRIBUTION, ETC. (IMPRINT)
Place of publication London
Name of publisher Rider
Year of publication 2003
300 ## - PHYSICAL DESCRIPTION
Number of Pages 187p
500 ## - GENERAL NOTE
General note includes index and biblioraphy
505 2# - FORMATTED CONTENTS NOTE
Formatted contents note Epilogue
650 ## - SUBJECT ADDED ENTRY--TOPICAL TERM
Topical Term Spirituality
942 ## - ADDED ENTRY ELEMENTS (KOHA)
Koha item type Books
700 1# -
-- Brunton, Paul
Holdings
Collection code Home library Current library Date acquired Cost, normal purchase price Full call number Accession Number Koha item type
  Henry Martyn Institute Library Henry Martyn Institute Library 01/01/2005 395.00 291.4 BRU 024613 Books
                   Copyright © 2026 | Henry Martyn Institute | Hyderabad | TS-500052 | INDIA | Implemented by hmi.edu.in
Hit-Count:

Powered by Koha